| Tag |
First Indicator |
Second Indicator |
Subfields |
| LEADER |
00000cam a2200000 i 4500 |
| 001 |
in00000282993 |
| 005 |
20151010090935.0 |
| 008 |
750710r19741601ne 00010 eng |
| 010 |
|
|
|a 74080199
|
| 020 |
|
|
|a 9022106802
|
| 035 |
|
|
|a (OCoLC)01354548
|
| 035 |
|
|
|9 ABG5002AM
|
| 040 |
|
|
|a DLC
|c DLC
|d TXA
|d UtOrBLW
|
| 041 |
1 |
|
|a eng
|a dut
|
| 043 |
|
|
|a a-io---
|
| 049 |
|
|
|a TXAM
|c [1182279]
|
| 050 |
0 |
0 |
|a DS411.1
|b .N28513 1974
|
| 082 |
0 |
|
|a 915.98/04/15
|
| 100 |
1 |
|
|a Neck, Jacob Cornelissoon van,
|d approximately 1564-1638.
|
| 245 |
1 |
2 |
|a A journall ... by eight shippes of Amsterdam /
|c Jacob van Neck.
|
| 264 |
|
1 |
|a Amsterdam :
|b Theatrum Orbis Terrarum ;
|a Norwood, N.J. :
|b W. J. Johnson,
|c 1974.
|
| 300 |
|
|
|a 58 pages ;
|c 21 cm.
|
| 336 |
|
|
|a text
|b txt
|2 rdacontent
|
| 337 |
|
|
|a unmediated
|b n
|2 rdamedia
|
| 338 |
|
|
|a volume
|b nc
|2 rdacarrier
|
| 490 |
1 |
|
|a The English experience, its record in early printed books published in facsimile,
|v no. 680
|
| 500 |
|
|
|a Translation of Journael ofte dagh-register.
|
| 500 |
|
|
|a Photoreprint edition.
|
| 500 |
|
|
|a Includes original title page: The journall, or dayly register, containing a true manifestation, and historicall declaration of the voyage, accomplished by eight shippes of Amsterdam, under the conduct of Jacob Corneliszen Neck Admirall, & Wybrandt vanWarwick vice Admirall, which sailed from Amsterdam the first day of March, 1598 ... imprinted at London for Cuthbert Burby & John Flasket ... 1601.
|
| 500 |
|
|
|a "S.T.C. number 18417."
|
| 651 |
|
0 |
|a Indonesia
|x Description and travel
|v Early works to 1800.
|
| 700 |
1 |
|
|a Warwyck, Wijbrant van,
|d approximately 1569-1615.
|
| 830 |
|
0 |
|a English experience, its record in early printed books published in facsimile ;
|v no. 680.
|
| 999 |
|
|
|a MARS
|
| 999 |
f |
f |
|s 81bd2ee5-dc6f-34b1-bcdd-5cca501253fe
|i a2735c92-22ee-3aab-92cf-6d32294a3c7c
|t 0
|
| 952 |
f |
f |
|p ric
|a Texas A&M University
|b Rellis Campus
|c Joint Library Facility
|d Remote Storage
|t 0
|e DS411.1 .N28513 1974
|h Library of Congress classification
|i unmediated -- volume
|m A14802044081
|
| 998 |
f |
f |
|a DS411.1 .N28513 1974
|t 0
|l Remote Storage
|